000
00352 a2200169 4500
001
192711
020
_a
978-85-85357-91-6
040
_c
Magnum
100
_a
King, Stephen Michael
240
1
0
_a
PatrĂcia
_l
por
245
1
0
_a
PatrĂcia
300
_a
32
362
0
_a
2008
440
1
_a
Brinque-Book
697
_a
LITERATURA INFANTIL
942
_c
BK
999
_c
192711
_d
192711